[Event "London Central U2000"]
[Site "London"]
[Date "2022.04.24"]
[Round "4"]
[White "Mc Aleenan, Charles"]
[Black "Brockes, Jeremy P"]
[Result "1/2-1/2"]
[WhiteElo "1774"]
[BlackElo "1544"]
[PlyCount "39"]
[EventDate "2022.04.22"]
[EventType "swiss"]
[EventRounds "5"]
[EventCountry "ENG"]
[SourceTitle "EXT 2024"]
[Source "ChessBase"]
[SourceDate "2023.10.10"]
[SourceVersion "1"]
[SourceVersionDate "2023.10.10"]
[SourceQuality "1"]

1. Nf3 Nf6 2. c4 g6 3. d4 Bg7 4. g3 d6 5. Bg2 0-0 6. 0-0 Nc6 7. Nc3 a6 8. e4 Bg4 9. Be3 Nd7 10. Qd2 Bxf3 11. Bxf3 e5 12. dxe5 dxe5 13. Rad1 Nd4 14. Bg2 c5 15. Nd5 Nb6 16. Rc1 Nxd5 17. cxd5 Qd6 18. Bxd4 cxd4 19. Bh3 f5 20. Bg2 1/2-1/2

[Event "Hradec Kralove op 9th"]
[Site "Hradec Kralove"]
[Date "2018.09.30"]
[Round "1"]
[White "Plischki, Sebastian"]
[Black "Mc Aleenan, Charles"]
[Result "1-0"]
[WhiteElo "2430"]
[BlackElo "1760"]
[PlyCount "65"]
[EventDate "2018.09.30"]
[EventType "swiss"]
[EventRounds "9"]
[EventCountry "CZE"]
[SourceTitle "CBM 186 Extra"]
[Source "ChessBase"]
[SourceDate "2018.08.24"]
[SourceVersion "1"]
[SourceVersionDate "2018.08.24"]
[SourceQuality "1"]

1. c4 d6 2. Nc3 e5 3. Nf3 f5 4. d4 e4 5. Ng5 c6 6. g3 Be7 7. Nh3 Nf6 8. Bg2 0-0 9. 0-0 Na6 10. d5 Nc7 11. f3 cxd5 12. cxd5 exf3 13. exf3 b5 14. a3 a5 15. Nf4 Rb8 16. Re1 Re8 17. Be3 Bd7 18. b4 a4 19. Qd3 Qc8 20. Ba7 Rb7 21. Bd4 Qd8 22. Re2 Bf8 23. Rae1 Rxe2 24. Rxe2 Rb8 25. Ne6 Bxe6 26. dxe6 g6 27. f4 Be7 28. Ba7 Qc8 29. Bxb8 Qxb8 30. Bf3 h5 31. Kg2 Ng4 32. h3 Nf6 33. g4 1-0

[Event "London Classic op"]
[Site "London"]
[Date "2017.12.03"]
[Round "3"]
[White "Wilks, Simon"]
[Black "Mc Aleenan, Charles"]
[Result "1/2-1/2"]
[WhiteElo "2022"]
[BlackElo "1762"]
[PlyCount "99"]
[EventDate "2017.12.02"]
[EventType "swiss"]
[EventRounds "9"]
[EventCountry "ENG"]
[SourceTitle "CBM 182 Extra"]
[Source "ChessBase"]
[SourceDate "2018.02.23"]
[SourceVersion "1"]
[SourceVersionDate "2018.02.23"]
[SourceQuality "1"]

1. e4 d5 2. exd5 Qxd5 3. Nc3 Qd6 4. d4 Nf6 5. Nf3 c6 6. Ne5 Nbd7 7. f4 g6 8. a3 Nb6 9. Be2 h5 10. Be3 Be6 11. Qd2 Bg7 12. 0-0-0 0-0-0 13. h3 Nbd5 14. Nxd5 cxd5 15. Bd3 Nd7 16. Rhf1 Qb6 17. Nf3 Kb8 18. Ng5 Nc5 19. Nxe6 Nxe6 20. c3 Rc8 21. Kb1 f5 22. Bg1 Nc7 23. Qe2 e6 24. Ka2 Rhe8 25. g4 hxg4 26. hxg4 Rh8 27. Bf2 Rh2 28. Rh1 Rch8 29. Rxh2 Rxh2 30. Qe3 Rh7 31. Qf3 a5 32. gxf5 gxf5 33. a4 Qc6 34. Bc2 Qd7 35. Rh1 Bf6 36. Rh3 Ne8 37. Qh1 Rxh3 38. Qxh3 Nd6 39. b3 Ne4 40. Be1 Be7 41. Qh5 Bd6 42. Bxe4 fxe4 43. Qg5 b6 44. Kb2 Kc7 45. Bh4 Bf8 46. Bg3 Bd6 47. Qg6 Kb7 48. Qg8 Qe7 49. Kc2 Qf6 50. Qh7+ 1/2-1/2

[Event "BCF-chT3Sc 1516 (4NCL)"]
[Site "England"]
[Date "2016.05.02"]
[Round "11.80"]
[White "Pugh, Glyn D"]
[Black "Mc Aleenan, Charles"]
[Result "1-0"]
[WhiteElo "1990"]
[BlackElo "1885"]
[PlyCount "89"]
[EventDate "2016.03.20"]
[EventType "team-swiss"]
[EventRounds "11"]
[EventCountry "ENG"]
[SourceTitle "EXT 2017"]
[Source "ChessBase"]
[SourceDate "2016.10.25"]
[SourceVersion "1"]
[SourceVersionDate "2016.10.25"]
[SourceQuality "1"]
[WhiteTeam "Shropshire"]
[BlackTeam "Fermented Sharks"]
[WhiteTeamCountry "ENG"]
[BlackTeamCountry "ENG"]

1. e4 e6 2. d4 d5 3. Nc3 Bb4 4. e5 c5 5. a3 Bxc3+ 6. bxc3 Ne7 7. Qg4 cxd4 8. Qxg7 Rg8 9. Qxh7 dxc3 10. f4 Qc7 11. Nf3 Nbc6 12. h4 Bd7 13. Ng5 Nxe5 14. fxe5 Qxe5+ 15. Kd1 0-0-0 16. Qd3 f6 17. Nf3 Qc7 18. Rb1 e5 19. Rb3 d4 20. Qc4 Nc6 21. Bg5 e4 22. Bc1 exf3 23. gxf3 Qg3 24. Be2 Rde8 25. Qb5 Nd8 26. Qc5+ Bc6 27. Qf5+ Bd7 28. Qc5+ Kb8 29. Qxd4 Ne6 30. Qxc3 Rd8 31. Bd2 Bc6 32. Qxc6 Rxd2+ 33. Kxd2 Qf4+ 34. Kd1 Qd4+ 35. Kc1 Qa1+ 36. Kd2 Qd4+ 37. Ke1 Qa1+ 38. Bd1 Qe5+ 39. Qe4 Qa5+ 40. Rb4 Nc5 41. Qf4+ Kc8 42. Be2 Qxa3 43. Qc4 Qc1+ 44. Kf2 Qxh1 45. Qxg8+ 1-0

[Event "BCF-chT3Sc 1516 (4NCL)"]
[Site "England"]
[Date "2016.04.30"]
[Round "9.60"]
[White "Taylor, William J"]
[Black "Mc Aleenan, Charles"]
[Result "1/2-1/2"]
[WhiteElo "1966"]
[BlackElo "1885"]
[PlyCount "128"]
[EventDate "2016.03.20"]
[EventType "team-swiss"]
[EventRounds "11"]
[EventCountry "ENG"]
[SourceTitle "EXT 2017"]
[Source "ChessBase"]
[SourceDate "2016.10.25"]
[SourceVersion "1"]
[SourceVersionDate "2016.10.25"]
[SourceQuality "1"]
[WhiteTeam "West is Best"]
[BlackTeam "Fermented Sharks"]
[WhiteTeamCountry "ENG"]
[BlackTeamCountry "ENG"]

1. e4 e6 2. d4 d5 3. Nd2 Nf6 4. e5 Nfd7 5. Bd3 c5 6. c3 Nc6 7. Ne2 cxd4 8. cxd4 f6 9. exf6 Nxf6 10. 0-0 Bd6 11. Nf3 Qc7 12. Bd2 0-0 13. Rc1 Bd7 14. Ng3 Qb6 15. Bc3 Bf4 16. Rc2 Nb4 17. Bxb4 Qxb4 18. Ne2 Bd6 19. Nc3 Rae8 20. Re2 Re7 21. Qc2 g6 22. a3 Qa5 23. Ne5 Bxe5 24. Rxe5 Qb6 25. Ne2 Bb5 26. Bxb5 Qxb5 27. Nf4 Qb6 28. Qc5 Qxc5 29. dxc5 Rfe8 30. Rfe1 Kf7 31. b4 Ne4 32. f3 Nd2 33. R5e2 Nc4 34. a4 g5 35. Nd3 e5 36. Nb2 Nxb2 37. Rxb2 Rc7 38. Rbe2 Kf6 39. Rd1 Rd8 40. Rde1 Re7 41. g3 Rdd7 42. Rd2 d4 43. Kf2 Rd5 44. Rc1 Rc7 45. Rcc2 a5 46. bxa5 Rdxc5 47. Rxc5 Rxc5 48. Rb2 Rc7 49. Ke2 Ke6 50. h3 Kd5 51. h4 gxh4 52. gxh4 Ke6 53. h5 Kf5 54. Rb6 e4 55. fxe4+ Kxe4 56. Kd2 Rg7 57. Re6+ Kd5 58. Rb6 Kc4 59. a6 bxa6 60. Rxa6 Rg2+ 61. Ke1 Rg7 62. h6 Rf7 63. a5 Kb5 64. Rd6 Kxa5 1/2-1/2

[Event "BCF-chT3Sb 1516 (4NCL)"]
[Site "England"]
[Date "2016.02.14"]
[Round "6.120"]
[White "Mc Aleenan, Charles"]
[Black "Ressel, Siubhan"]
[Result "1-0"]
[WhiteElo "1885"]
[BlackElo "1007"]
[PlyCount "45"]
[EventDate "2015.11.14"]
[EventType "team-swiss"]
[EventRounds "7"]
[EventCountry "ENG"]
[SourceTitle "EXT 2017"]
[Source "ChessBase"]
[SourceDate "2016.10.25"]
[SourceVersion "1"]
[SourceVersionDate "2016.10.25"]
[SourceQuality "1"]
[WhiteTeam "Fermented Sharks"]
[BlackTeam "MK Phoenix II"]
[WhiteTeamCountry "ENG"]
[BlackTeamCountry "ENG"]

1. d4 e5 2. dxe5 Nc6 3. Nf3 h6 4. e4 Nge7 5. Bf4 Ng6 6. Bg3 Be7 7. Nc3 a6 8. Nd5 Bc5 9. e6 dxe6 10. Nxc7+ Kf8 11. Qxd8+ Nxd8 12. Nxa8 Bd7 13. 0-0-0 Kg8 14. Rxd7 Kh7 15. Bc7 Nc6 16. Bb6 Bxf2 17. Bxf2 Rf8 18. Nb6 Nb8 19. Rxb7 Nc6 20. Bxa6 e5 21. Bc5 h5 22. Bxf8 Nxf8 23. Rxf7 1-0

[Event "BCF-chT3Sb 1516 (4NCL)"]
[Site "England"]
[Date "2016.01.16"]
[Round "3.100"]
[White "Alcock, Graham P"]
[Black "Mc Aleenan, Charles"]
[Result "1-0"]
[WhiteElo "1806"]
[BlackElo "1885"]
[PlyCount "63"]
[EventDate "2015.11.14"]
[EventType "team-swiss"]
[EventRounds "7"]
[EventCountry "ENG"]
[SourceTitle "CBM 170 Extra"]
[Source "ChessBase"]
[SourceDate "2016.02.25"]
[SourceVersion "1"]
[SourceVersionDate "2016.02.25"]
[SourceQuality "1"]
[WhiteTeam "Surbiton"]
[BlackTeam "Fermented Sharks"]
[WhiteTeamCountry "ENG"]
[BlackTeamCountry "ENG"]

1. e4 e6 2. d4 d5 3. Bd3 dxe4 4. Bxe4 Nf6 5. Bf3 c5 6. dxc5 Qxd1+ 7. Bxd1 Bxc5 8. Nf3 Nc6 9. Nc3 0-0 10. 0-0 a6 11. Bf4 b5 12. Ne2 Bb7 13. c3 Rfe8 14. h3 e5 15. Be3 Bxe3 16. fxe3 Nd5 17. Kf2 e4 18. Nfd4 Ne5 19. Nf4 Nxf4 20. exf4 Nd3+ 21. Ke3 Nxb2 22. Bb3 Rac8 23. Rac1 Nc4+ 24. Ke2 Rc5 25. g4 Rd8 26. Rfd1 Nb2 27. Ne6 Nxd1 28. Nxc5 Nxc3+ 29. Rxc3 Ba8 30. Nxa6 h6 31. Ke3 g6 32. Nb4 1-0

[Event "London Weekend U1800 7th"]
[Site "London"]
[Date "2015.12.05"]
[Round "2.4"]
[White "Mc Aleenan, Charles"]
[Black "Pradhan, Abhishek"]
[Result "1-0"]
[WhiteElo "1767"]
[BlackElo "1657"]
[PlyCount "106"]
[EventDate "2015.12.04"]
[EventType "swiss"]
[EventRounds "5"]
[EventCountry "ENG"]
[SourceTitle "EXT 2023"]
[Source "ChessBase"]
[SourceDate "2022.10.05"]
[SourceVersion "1"]
[SourceVersionDate "2022.10.05"]
[SourceQuality "1"]

1. d4 Nf6 2. Bf4 e6 3. e3 b6 4. Nf3 Bb7 5. Bd3 Nc6 6. c3 Be7 7. h3 d6 8. Bh2 h6 9. e4 0-0 10. Qe2 d5 11. Nbd2 Nh7 12. h4 Bd6 13. e5 Be7 14. Bf4 f6 15. exf6 Rxf6 16. Be3 Nf8 17. g4 Rf7 18. g5 Qd6 19. gxh6 e5 20. hxg7 Rxg7 21. dxe5 Nxe5 22. 0-0-0 Bc8 23. Nxe5 Qxe5 24. f4 Qd6 25. Rdg1 Bf6 26. Qh5 c5 27. Rxg7+ Bxg7 28. Rg1 Bd7 29. Qg5 Ne6 30. Qg6 Qe7 31. Qh7+ Kf8 32. f5 d4 33. f6 Qxf6 34. Rf1 Qxf1+ 35. Bxf1 dxe3 36. Nc4 Re8 37. Nxe3 Re7 38. Bc4 b5 39. Bd5 b4 40. Qf5+ Ke8 41. cxb4 Nd4 42. Qh5+ Kd8 43. Qg5 Ke8 44. bxc5 Nc6 45. Qg6+ Kd8 46. Bxc6 Bxc6 47. Qxc6 Rxe3 48. Qa8+ Ke7 49. Qxa7+ Kf6 50. c6 Bh6 51. Kc2 Re2+ 52. Kb3 Re3+ 53. Qxe3 Bxe3 1-0

[Event "London Weekend U1800 7th"]
[Site "London"]
[Date "2015.12.05"]
[Round "3.2"]
[White "Stuart, Brian"]
[Black "Mc Aleenan, Charles"]
[Result "0-1"]
[WhiteElo "1732"]
[BlackElo "1767"]
[PlyCount "48"]
[EventDate "2015.12.04"]
[EventType "swiss"]
[EventRounds "5"]
[EventCountry "ENG"]
[SourceTitle "EXT 2023"]
[Source "ChessBase"]
[SourceDate "2022.10.05"]
[SourceVersion "1"]
[SourceVersionDate "2022.10.05"]
[SourceQuality "1"]

1. e4 e6 2. d4 d5 3. Nd2 Nf6 4. e5 Nfd7 5. Bd3 c5 6. c3 Nc6 7. Ne2 cxd4 8. cxd4 f6 9. exf6 Nxf6 10. 0-0 Bd6 11. Nf3 Qc7 12. h3 0-0 13. Nc3 a6 14. Re1 e5 15. dxe5 Nxe5 16. Nxe5 Bxe5 17. Bd2 Bd4 18. Rc1 Bxf2+ 19. Kh1 Bxe1 20. Nxd5 Qd6 21. Nxf6+ Qxf6 22. Qxe1 Bf5 23. Bc4+ Kh8 24. Bc3 Qg6 0-1

[Event "BCF-chT3Sb 1516 (4NCL)"]
[Site "England"]
[Date "2015.11.14"]
[Round "1.99"]
[White "Adaway, William"]
[Black "Mc Aleenan, Charles"]
[Result "1-0"]
[WhiteElo "1953"]
[BlackElo "1885"]
[PlyCount "75"]
[EventDate "2015.11.14"]
[EventType "team-swiss"]
[EventRounds "7"]
[EventCountry "ENG"]
[SourceTitle "CBM 169 Extra"]
[Source "ChessBase"]
[SourceDate "2015.12.18"]
[SourceVersion "1"]
[SourceVersionDate "2015.12.18"]
[SourceQuality "1"]

1. e4 e6 2. Qe2 c5 3. Nf3 Nc6 4. g3 g6 5. Bg2 d6 6. 0-0 Bg7 7. Na3 a6 8. c3 Nge7 9. Nc2 0-0 10. d4 cxd4 11. Nfxd4 Nxd4 12. Nxd4 Nc6 13. Nb3 Qc7 14. Bg5 h6 15. Be3 Ne5 16. Nd2 Bd7 17. a4 Rac8 18. f4 Nc4 19. Nxc4 Qxc4 20. Qxc4 Rxc4 21. Rfd1 Rxa4 22. Rxa4 Bxa4 23. Rxd6 Bc6 24. e5 Bxg2 25. Kxg2 Ra8 26. Rb6 Rb8 27. Bc5 Bf8 28. Bd6 Bxd6 29. exd6 Rd8 30. Kf3 Kg7 31. Ke4 Kf6 32. c4 Rd7 33. c5 h5 34. h3 g5 35. fxg5+ Kxg5 36. Ke5 Kg6 37. Rxa6 Kg7 38. Ra7 1-0

[Event "Marianske Lazne op 14th"]
[Site "Marianske Lazne"]
[Date "2015.01.21"]
[Round "6"]
[White "Jiruse, Josef"]
[Black "Mc Aleenan, Charles"]
[Result "1-0"]
[WhiteElo "2045"]
[BlackElo "1795"]
[PlyCount "51"]
[EventDate "2015.01.17"]
[EventType "swiss"]
[EventRounds "9"]
[EventCountry "CZE"]
[SourceTitle "CBM 164 Extra"]
[Source "ChessBase"]
[SourceDate "2015.03.02"]
[SourceVersion "1"]
[SourceVersionDate "2015.03.02"]
[SourceQuality "1"]

1. f4 d6 2. b3 e5 3. fxe5 Nc6 4. Nf3 Bg4 5. Bb2 Bxf3 6. exf3 dxe5 7. Bb5 Qh4+ 8. g3 Qh6 9. Bxc6+ Qxc6 10. Bxe5 f6 11. Bb2 Bd6 12. Nc3 0-0-0 13. 0-0 h5 14. Ne4 h4 15. Nxd6+ Qxd6 16. g4 Ne7 17. d4 Nd5 18. Qd3 Kb8 19. Rae1 Rde8 20. c4 Nf4 21. Qd2 g5 22. Rxe8+ Rxe8 23. Re1 Qd7 24. d5 Rxe1+ 25. Qxe1 Nd3 26. Qe6 1-0

[Event "BCF-ch Week2 AM op"]
[Site "Aberystwyth"]
[Date "2014.08.01"]
[Round "5"]
[White "Nikrow, Shahram"]
[Black "Mc Aleenan, Charles"]
[Result "0-1"]
[WhiteElo "1660"]
[BlackElo "1801"]
[PlyCount "118"]
[EventDate "2014.07.28"]
[EventType "swiss"]
[EventRounds "5"]
[EventCountry "WLS"]
[SourceTitle "EXT 2017"]
[Source "ChessBase"]
[SourceDate "2016.10.25"]
[SourceVersion "1"]
[SourceVersionDate "2016.10.25"]
[SourceQuality "1"]

1. e4 d6 2. d4 Nf6 3. Nc3 e5 4. dxe5 dxe5 5. Qxd8+ Kxd8 6. Bg5 Be6 7. 0-0-0+ Nbd7 8. Nf3 Bd6 9. Nb5 Ke7 10. Nxd6 cxd6 11. Kb1 h6 12. Bxf6+ Nxf6 13. Nd2 Ng4 14. Re1 Nxf2 15. Rg1 Ng4 16. h3 Nf6 17. g4 Rac8 18. g5 hxg5 19. Rxg5 g6 20. Re3 Rh4 21. b3 Rch8 22. Rgg3 Nh5 23. Rgf3 Nf4 24. Rc3 Kd8 25. Bc4 Bxc4 26. Nxc4 Kd7 27. Rxf4 Rxf4 28. Rd3 Rf6 29. Nxe5+ Ke7 30. Ng4 Re6 31. Nf2 Rh4 32. c4 Rf4 33. Rd2 Ref6 34. Ng4 Rf1+ 35. Kb2 R6f3 36. Nh2 R1f2 37. Nxf3 Rxf3 38. Re2 Ke6 39. a4 Rxh3 40. b4 Ke5 41. b5 Rh4 42. Kb3 Rxe4 43. Rh2 g5 44. Rh7 Kf6 45. Rh6+ Ke7 46. Rh8 Kf6 47. Rh6+ Ke5 48. Rh7 Rf4 49. a5 Rf3+ 50. Kb4 g4 51. Rh5+ Ke4 52. Rd5 g3 53. a6 bxa6 54. bxa6 g2 55. Rg5 Rf2 56. Kb5 Ra2 57. Rg7 f5 58. c5 dxc5 59. Kxc5 f4 0-1

[Event "BCF-ch Week2 AM op"]
[Site "Aberystwyth"]
[Date "2014.07.30"]
[Round "3"]
[White "Mc Aleenan, Charles"]
[Black "Buttell, David"]
[Result "1/2-1/2"]
[WhiteElo "1801"]
[BlackElo "1846"]
[PlyCount "55"]
[EventDate "2014.07.28"]
[EventType "swiss"]
[EventRounds "5"]
[EventCountry "WLS"]
[SourceTitle "EXT 2017"]
[Source "ChessBase"]
[SourceDate "2016.10.25"]
[SourceVersion "1"]
[SourceVersionDate "2016.10.25"]
[SourceQuality "1"]

1. d4 d5 2. Bf4 Nf6 3. e3 Bf5 4. c4 e6 5. Qb3 Qc8 6. Nc3 c6 7. Nf3 Nbd7 8. h3 h6 9. cxd5 exd5 10. Rc1 a6 11. Ne5 Be7 12. Bd3 Be6 13. Qc2 Qd8 14. Bf5 Bxf5 15. Qxf5 Bb4 16. 0-0 Bxc3 17. Rxc3 g6 18. Qd3 g5 19. Bh2 Rc8 20. f4 Nxe5 21. fxe5 Ne4 22. Rcc1 Qd7 23. Rf3 g4 24. hxg4 Qxg4 25. Rf4 Qg6 26. Rcf1 Rg8 27. Qc2 Rg7 28. Rc1 1/2-1/2

[Event "BCF-ch Week2 AM op"]
[Site "Aberystwyth"]
[Date "2014.07.29"]
[Round "2"]
[White "Archer Lock, Philip"]
[Black "Mc Aleenan, Charles"]
[Result "1/2-1/2"]
[WhiteElo "1906"]
[BlackElo "1801"]
[PlyCount "46"]
[EventDate "2014.07.28"]
[EventType "swiss"]
[EventRounds "5"]
[EventCountry "WLS"]
[SourceTitle "EXT 2017"]
[Source "ChessBase"]
[SourceDate "2016.10.25"]
[SourceVersion "1"]
[SourceVersionDate "2016.10.25"]
[SourceQuality "1"]

1. d4 d6 2. Nf3 Bg4 3. Nbd2 Nf6 4. h3 Bh5 5. c3 c6 6. e4 e6 7. Qb3 Qc7 8. e5 dxe5 9. Nxe5 Nbd7 10. Ndc4 Nxe5 11. Nxe5 Bd6 12. Bf4 Rb8 13. f3 Nd7 14. Nxd7 Qxd7 15. Bxd6 Qxd6 16. Kf2 0-0 17. h4 f5 18. Bc4 Bf7 19. Rae1 Rfe8 20. Re5 b5 21. Bd3 Rbd8 22. Rhe1 Qd7 23. a3 a6 1/2-1/2

[Event "BCF-ch U180"]
[Site "Aberystwyth"]
[Date "2014.07.25"]
[Round "5"]
[White "Turner, Tim M"]
[Black "Mc Aleenan, Charles"]
[Result "1-0"]
[WhiteElo "174"]
[BlackElo "161"]
[PlyCount "53"]
[EventDate "2014.07.21"]
[EventType "swiss"]
[EventRounds "5"]
[EventCountry "WLS"]
[SourceTitle "EXT 2017"]
[Source "ChessBase"]
[SourceDate "2016.10.25"]
[SourceVersion "1"]
[SourceVersionDate "2016.10.25"]
[SourceQuality "1"]

1. c4 d6 2. Nc3 e5 3. g3 f5 4. Bg2 Nf6 5. d4 exd4 6. Qxd4 Nc6 7. Qd2 Be6 8. b3 Be7 9. e3 a5 10. Nge2 a4 11. Nf4 Bf7 12. Nxa4 Ne4 13. Bxe4 fxe4 14. Bb2 Bf6 15. Nc3 g5 16. Nxe4 Bxb2 17. Qxb2 Ne5 18. 0-0-0 gxf4 19. exf4 Ng6 20. Nf6+ Kf8 21. Rhe1 Ra5 22. Rd2 Rf5 23. Ng4 h5 24. Ne3 Rc5 25. f5 Ne5 26. f4 Rg8 27. fxe5 1-0

[Event "West Bromwich e2e4 op"]
[Site "West Bromwich"]
[Date "2014.02.21"]
[Round "1"]
[White "Sygnowski, Tomasz"]
[Black "Mc Aleenan, Charles"]
[Result "0-1"]
[WhiteElo "2074"]
[BlackElo "1808"]
[PlyCount "62"]
[EventDate "2014.02.21"]
[EventType "swiss"]
[EventRounds "5"]
[EventCountry "ENG"]
[SourceTitle "CBM 159 Extra"]
[Source "ChessBase"]
[SourceDate "2014.04.24"]
[SourceVersion "1"]
[SourceVersionDate "2014.04.24"]
[SourceQuality "1"]

1. e4 e6 2. d4 d5 3. e5 c5 4. Nf3 Nc6 5. Bd3 cxd4 6. a3 f6 7. Bf4 fxe5 8. Nxe5 Nf6 9. Nd2 Bd6 10. Ndf3 Qc7 11. Nxc6 bxc6 12. Bxd6 Qxd6 13. Qe2 c5 14. Bb5+ Bd7 15. b4 0-0 16. bxc5 Qxc5 17. Rb1 Rab8 18. 0-0 Rxb5 19. Rxb5 Qxb5 20. Qe5 d3 21. cxd3 Qxd3 22. Qd6 Qb5 23. h3 Qb8 24. Qe7 Re8 25. Qc5 Ne4 26. Qc1 Bb5 27. Re1 Rc8 28. Qa1 Qb6 29. Re3 Rc2 30. Nd4 Rxf2 31. a4 Rf1+ 0-1

[Event "Marianske Lazne op 13th"]
[Site "Marianske Lazne"]
[Date "2014.01.22"]
[Round "6"]
[White "Mc Aleenan, Charles"]
[Black "Rajaryan, Kuvelkar"]
[Result "0-1"]
[WhiteElo "1811"]
[BlackElo "1853"]
[PlyCount "64"]
[EventDate "2014.01.18"]
[EventType "swiss"]
[EventRounds "9"]
[EventCountry "CZE"]
[SourceTitle "CBM 158 Extra"]
[Source "ChessBase"]
[SourceDate "2014.02.28"]
[SourceVersion "1"]
[SourceVersionDate "2014.02.28"]
[SourceQuality "1"]

1. d4 Nf6 2. Bf4 g6 3. e3 Bg7 4. Be2 0-0 5. Nf3 d6 6. 0-0 Nc6 7. h3 Nd7 8. c4 e5 9. Bh2 e4 10. Nfd2 f5 11. Nc3 Kh8 12. a3 a5 13. Rb1 Ne7 14. b4 axb4 15. axb4 Nb6 16. Qc2 c6 17. Rfd1 d5 18. cxd5 Nbxd5 19. Nxd5 Nxd5 20. b5 Bd7 21. bxc6 Bxc6 22. Qb2 Qg5 23. Be5 Rae8 24. Bxg7+ Kxg7 25. Bf1 Rf6 26. Nc4 f4 27. exf4 Nxf4 28. Kh2 Nd3 29. Bxd3 exd3 30. Rg1 Re2 31. Qc3 Rfxf2 32. d5+ Kh6 0-1

[Event "Berlin Lichtenberger op 12th"]
[Site "Berlin"]
[Date "2013.08.25"]
[Round "9"]
[White "Mueller, Johannes"]
[Black "Mc Aleenan, Charles"]
[Result "0-1"]
[WhiteElo "1835"]
[BlackElo "1782"]
[PlyCount "98"]
[EventDate "2013.08.17"]
[EventType "swiss"]
[EventRounds "9"]
[EventCountry "GER"]
[SourceTitle "CBM 156 Extra"]
[Source "ChessBase"]
[SourceDate "2013.10.22"]
[SourceVersion "1"]
[SourceVersionDate "2013.10.22"]
[SourceQuality "1"]

1. e4 d6 2. d4 Nf6 3. Nc3 c6 4. g3 e5 5. dxe5 dxe5 6. Qxd8+ Kxd8 7. Bg5 Be7 8. 0-0-0+ Nfd7 9. Be3 Kc7 10. Bc4 f6 11. f4 b5 12. Be2 b4 13. Na4 Ba6 14. c4 c5 15. Nh3 Nc6 16. Rd5 Nd4 17. Bxd4 exd4 18. b3 Bb7 19. Nb2 Bxd5 20. cxd5 Bd6 21. Nc4 Rhe8 22. Bf3 a5 23. Re1 h6 24. Nf2 a4 25. Kb2 axb3 26. axb3 Ra6 27. Nd3 Rea8 28. Kc2 Ra2+ 29. Ndb2 Ra1 30. Re2 Rf1 31. Bg2 Rg1 32. e5 fxe5 33. Nxd6 Rxg2 34. Nb5+ Kb6 35. Rxg2 Kxb5 36. fxe5 Nxe5 37. Re2 Ng4 38. Re7 Ne3+ 39. Kd3 Ra3 40. d6 Rxb3+ 41. Ke4 Kc6 42. d7 Kc7 43. Na4 Nc2 44. Rxg7 Re3+ 45. Kd5 d3 46. Nxc5 d2 47. d8Q+ Kxd8 48. Rd7+ Ke8 49. Kc4 Rc3+ 0-1

[Event "Berlin Lichtenberger op 12th"]
[Site "Berlin"]
[Date "2013.08.19"]
[Round "3"]
[White "Mc Aleenan, Charles"]
[Black "Dathe, Frederick"]
[Result "1-0"]
[WhiteElo "1782"]
[BlackElo "1458"]
[PlyCount "119"]
[EventDate "2013.08.17"]
[EventType "swiss"]
[EventRounds "9"]
[EventCountry "GER"]
[SourceTitle "CBM 156 Extra"]
[Source "ChessBase"]
[SourceDate "2013.10.22"]
[SourceVersion "1"]
[SourceVersionDate "2013.10.22"]
[SourceQuality "1"]

1. d4 d5 2. Bf4 Nf6 3. e3 Bf5 4. c4 Bxb1 5. Qxb1 e6 6. a3 Be7 7. Nf3 0-0 8. cxd5 Nxd5 9. Bg3 Nc6 10. Bd3 h6 11. 0-0 Rc8 12. Rd1 Bf6 13. e4 Nb6 14. e5 Be7 15. b4 Nd5 16. Qb3 Bg5 17. Be4 Nce7 18. h4 Bf4 19. Bxf4 Nxf4 20. Bxb7 Rb8 21. Be4 Ned5 22. g3 Ne2+ 23. Kf1 Nec3 24. Bxd5 Nxd5 25. Qd3 Rb6 26. Rac1 f5 27. Qd2 f4 28. g4 Qe7 29. Ke2 Qf7 30. Rg1 g6 31. h5 g5 32. Qd3 Kg7 33. Rc5 Kg8 34. Rgc1 Rfb8 35. Nd2 Kh8 36. Nc4 R6b7 37. Na5 Rb6 38. Rc6 Kg8 39. R1c5 Rxc6 40. Nxc6 Ra8 41. f3 Qh7 42. Qxh7+ Kxh7 43. Kd3 Kg7 44. Ra5 Kf8 45. Rxa7 Rxa7 46. Nxa7 Ke8 47. Nb5 Kd7 48. Nc3 Ne7 49. Ne4 Ke8 50. Nf6+ Kf7 51. b5 Nc8 52. d5 exd5 53. Nxd5 Ke6 54. Kd4 Na7 55. Nxc7+ Kd7 56. b6 Nc6+ 57. Ke4 Ne7 58. a4 Kc6 59. a5 Kb7 60. e6 1-0

[Event "Brighton e2e4 Major"]
[Site "Brighton"]
[Date "2013.02.20"]
[Round "9"]
[White "Vyvyan, Philippe"]
[Black "Mc Aleenan, Charles"]
[Result "0-1"]
[WhiteElo "1745"]
[BlackElo "1814"]
[PlyCount "56"]
[EventDate "2013.02.16"]
[EventType "swiss"]
[EventRounds "9"]
[EventCountry "ENG"]
[SourceTitle "EXT 2014"]
[Source "ChessBase"]
[SourceDate "2013.11.20"]
[SourceVersion "1"]
[SourceVersionDate "2013.11.20"]
[SourceQuality "1"]

1. e4 d6 2. d4 Nf6 3. Nc3 c6 4. Nf3 Bg4 5. Be2 e6 6. 0-0 Be7 7. a4 d5 8. e5 Nfd7 9. h3 Bh5 10. Nh2 Bxe2 11. Nxe2 c5 12. c3 Nc6 13. f4 Qb6 14. Nf3 Rc8 15. Kh1 cxd4 16. cxd4 Nb4 17. Nc3 0-0 18. g4 f6 19. Be3 Qa6 20. Rc1 fxe5 21. fxe5 Nd3 22. Rc2 Nxb2 23. Qe2 Rxc3 24. Rxb2 Rxe3 25. Qxe3 Qxf1+ 26. Ng1 Bh4 27. Rg2 Rf2 28. Rxf2 Bxf2 0-1

[Event "London Classic op 4th"]
[Site "London"]
[Date "2012.12.07"]
[Round "7"]
[White "De Coverly, Roger D"]
[Black "Mc Aleenan, Charles"]
[Result "1-0"]
[WhiteElo "2038"]
[BlackElo "1813"]
[PlyCount "101"]
[EventDate "2012.12.01"]
[EventType "swiss"]
[EventRounds "9"]
[EventCountry "ENG"]
[SourceTitle "CBM 151 Extra"]
[Source "ChessBase"]
[SourceDate "2012.12.18"]
[SourceVersion "1"]
[SourceVersionDate "2012.12.18"]
[SourceQuality "1"]

1. e4 e6 2. d4 d5 3. exd5 exd5 4. c4 Bb4+ 5. Nc3 Nf6 6. Bd3 dxc4 7. Bxc4 0-0 8. Nf3 Bg4 9. 0-0 Nc6 10. Be3 Rb8 11. a3 Be7 12. Be2 Nd5 13. Qb3 Be6 14. Qc2 f5 15. Rad1 a6 16. Bc1 Bf6 17. Rfe1 Qd7 18. Bc4 Bf7 19. Ne5 Bxe5 20. dxe5 Nce7 21. Bg5 Qc6 22. Nxd5 Bxd5 23. Bxe7 Bxc4 24. Bxf8 Rxf8 25. b3 Bd5 26. Qxc6 Bxc6 27. e6 Re8 28. f3 g6 29. Kf2 Kf8 30. Re5 Ke7 31. f4 Rc8 32. h3 h6 33. g4 fxg4 34. hxg4 Rf8 35. f5 Kf6 36. e7 Re8 37. Re6+ Kf7 38. Rxg6 Rxe7 39. Rxh6 Re4 40. Rg1 Rf4+ 41. Ke2 Kg7 42. Rh3 Bd5 43. b4 Kf6 44. Re3 a5 45. bxa5 Ra4 46. g5+ Kxf5 47. g6 Rxa5 48. g7 Ra8 49. Rf1+ Kg6 50. Rg3+ Kh7 51. Rf8 1-0